Generative AI With Python (Record no. 13737)
[ view plain ]
| 000 -LEADER | |
|---|---|
| fixed length control field | 00355nam a22001577a 4500 |
| 003 - CONTROL NUMBER IDENTIFIER | |
| control field | OSt |
| 008 - FIXED-LENGTH DATA ELEMENTS--GENERAL INFORMATION | |
| fixed length control field | 250924b |||||||| |||| 00| 0 eng d |
| 020 ## - INTERNATIONAL STANDARD BOOK NUMBER | |
| International Standard Book Number | 9789355428592 |
| 082 ## - DEWEY DECIMAL CLASSIFICATION NUMBER | |
| Classification number | 005.133 GOG |
| 100 ## - MAIN ENTRY--PERSONAL NAME | |
| Personal name | GOLLNICK,Bert |
| 245 ## - TITLE STATEMENT | |
| Title | Generative AI With Python |
| 250 ## - EDITION STATEMENT | |
| Edition statement | 1st Ed |
| 260 ## - PUBLICATION, DISTRIBUTION, ETC. (IMPRINT) | |
| Place of publication, distribution, etc | Mumbai |
| Name of publisher, distributor, etc | SPD |
| Date of publication, distribution, etc | 2025 |
| 300 ## - PHYSICAL DESCRIPTION | |
| Extent | 392 |
| 942 ## - ADDED ENTRY ELEMENTS (KOHA) | |
| Source of classification or shelving scheme | Dewey Decimal Classification |
| Koha item type | Text Books |
| Withdrawn status | Lost status | Source of classification or shelving scheme | Damaged status | Not for loan | Collection code | Home library | Current library | Date acquired | Source of acquisition | Currency | Cost, normal purchase price | Bill Number | Total Checkouts | Full call number | Acc. no. / Barcode | Date last seen | Actual Cost, discounted price | Bill Date | Koha item type | Date last borrowed | Checked out |
|---|---|---|---|---|---|---|---|---|---|---|---|---|---|---|---|---|---|---|---|---|---|
| Dewey Decimal Classification | Computer Science and Engineering in AI & Data Science | PIET C-LIBRARY | PIET C-LIBRARY | 22/09/2025 | Zaffa Books | INR | 1550.00 | ZBD0260 | 005.133 GOG | 39752 | 24/09/2025 | 1162.50 | 21/09/2025 | Reference Books | |||||||
| Dewey Decimal Classification | Computer Science and Engineering in AI & Data Science | PIET C-LIBRARY | PIET C-LIBRARY | 22/09/2025 | Zaffa Books | INR | 1550.00 | ZBD0260 | 1 | 005.133 GOG | 39753 | 20/11/2025 | 1162.50 | 21/09/2025 | Text Books | 07/11/2025 | |||||
| Dewey Decimal Classification | Computer Science and Engineering in AI & Data Science | PIET C-LIBRARY | PIET C-LIBRARY | 22/09/2025 | Zaffa Books | INR | 1550.00 | ZBD0260 | 005.133 GOG | 39754 | 24/09/2025 | 1162.50 | 21/09/2025 | Text Books | |||||||
| Dewey Decimal Classification | Computer Science and Engineering in AI & Data Science | PIET C-LIBRARY | PIET C-LIBRARY | 22/09/2025 | Zaffa Books | INR | 1550.00 | ZBD0260 | 1 | 005.133 GOG | 39755 | 09/10/2025 | 1162.50 | 21/09/2025 | Text Books | 09/10/2025 | 27/04/2026 |